000
00253nam a22001217a 4500
082
_a
507.2 MAR'S
100
_a
MARGENAU, H
_9
56278
245
_a
THE SCIENTIST
250
_a
2ND
260
_a
HONG KONG
_b
TIME-LIFE
_c
1981
300
_a
192P
942
_c
BK
999
_c
566744
_d
566744